000 03216nmm a2200289 a 4500
003 CO-CtgCURN
005 20250721165128.0
008 220517s2021 xx f 000 0 und d
040 _aCO-CtgCURN
_bspa
_ccoctgcurn
082 _aENF 2021
_bC828a
100 _aCortes Zúñiga, Anmidys Kohery
_eautora
_95740
245 0 _aApoyo social percibido en cuidadores informales de adultos mayores: revisión sistemática
_h[electronic resource] /
_cAnmidys Kohery Cortes Zuñiga; Tatiana Monsalve Blanco; Jeison Andrey Zapata Herrera; tutora., Cristina Bohórquez Moreno
260 _aBarranquilla, Atlántico :
_bCorporación Universitaria Rafael Núñez,
_c2021
300 _a1 recurso en línea (47 páginas (PDF)) :
_bilustraciones
502 _aTrabajo de Grado (Enfermera). Corporación Universitaria Rafael Núñez. Facultad de Ciencias de la Salud. Programa de Enfermería, 2021
504 _aIncluye referencias bibliográficas
520 _aSegún la Organización Mundial de la Salud, se espera que entre los años 2000 y 2050, la proporción de la población mundial que tiene 60 años o más se duplicará, y pasará de 11% a 22%. Adicionalmente se prevé que el número absoluto de personas de 60 años o más aumentará de 900 millones en el 2015 a 1.400 millones para el 2030, y 2.100 millones para el 2050, y podría llegar a 3.200 millones en el 2100. El Ministerio de Salud y Protección social de Colombia refiere que, para el 2010 en el país había 4.473.447 adultos mayores, y el ritmo de crecimiento para este grupo poblacional es de un 3,18% promedio anual. A su vez, para el 2015 se proyectó un crecimiento del número de adultos mayores en un 3,51% y del 3,76% para el 2020 (4). Para la Organización Mundial de la Salud (OMS) las personas de 60 a 70 años son consideradas de edad avanzada, de 75 a 90 viejas o ancianas, y las que sobrepasan los 90 años, se les denomina grandes viejos o grandes longevos. A todo individuo mayor de 60 años se le llamará de forma indistinta persona de la tercera edad o adulto mayor. Como expresión del proceso de transición sociodemográfica que se ha venido viviendo en el país en las últimas 5 décadas, los incrementos sostenidos tanto en el volumen como en el peso porcentual de las personas mayores son paralelos a los aumentos de la población adulta y descenso de la población infantil y adolescente; de esta forma como lo plantea el estado, estaría surgiendo mayor proporción en el envejecimiento, creando necesidad de cuidados en el adulto mayor y generando la creación de nuevas políticas que ayuden a la mitigación del impacto.
521 _aAREA PROFESIONAL
590 _aPrograma de Enfermería_27
650 _aEnfermería
_vTesis y disertaciones académicas
_95741
700 _aBohórquez Moreno, Cristina
_etutora
_95742
700 _aMonsalve Blanco, Tatiana
_eautora
_95743
700 _aZapata Herrera, Jeison Andrey
_eautor
_95744
856 _uhttps://unicurn.sharepoint.com/:b:/s/biblioteca/EdGERI3SbJJPhpvuUmo0FjwBWFoXg8fYa9FzQgKAkjeJ_Q?e=a8TNtd
_yConsulte aquí el texto completo
942 _cTG
_hENF 2021
_iC828a
_2ddc
_n0
999 _c583
_d583